[Event "Moscow Aeroflot op-B 15th"]
[Site "Moscow"]
[Date "2016.03.03"]
[Round "3"]
[White "Ziaziulkina, Nastassia"]
[Black "Praggnanandhaa, Rameshbabu"]
[Result "1-0"]
[WhiteElo "2401"]
[BlackElo "2339"]
[PlyCount "99"]
[EventDate "2016.03.01"]
[EventType "swiss"]
[EventRounds "9"]
[EventCountry "RUS"]
[SourceTitle "CBM 171 Extra"]
[Source "ChessBase"]
[SourceDate "2016.04.26"]
[SourceVersion "1"]
[SourceVersionDate "2016.04.26"]
[SourceQuality "1"]

1. e4 e5 2. Nf3 Nc6 3. Bb5 a6 4. Ba4 Nf6 5. 0-0 b5 6. Bb3 Bb7 7. d3 Be7 8. Nc3 0-0 9. a3 d6 10. Re1 Qd7 11. Ne2 Nd8 12. Ng3 Ne6 13. c3 Rfe8 14. d4 Bf8 15. Bg5 Nxg5 16. Nxg5 d5 17. dxe5 Rxe5 18. Nf3 Ree8 19. e5 Ng4 20. h3 Nh6 21. Qd3 Rad8 22. Bc2 g6 23. Nh5 Bg7 24. Nf6+ Bxf6 25. exf6 Qd6 26. Qd2 Qf8 27. Re7 Bc8 28. Rae1 Nf5 29. Bxf5 Bxf5 30. Ng5 Be4 31. Rxf7 Qxf7 32. Nxf7 Kxf7 33. f3 Bf5 34. Rxe8 Rxe8 35. Qxd5+ Kxf6 36. Qc6+ Re6 37. Qxc7 h5 38. g4 hxg4 39. hxg4 Bc2 40. f4 Bb3 41. c4 Re1+ 42. Kf2 Rc1 43. c5 Rc2+ 44. Ke3 Rc1 45. c6 Re1+ 46. Kf2 Re7 47. Qd8 Be6 48. c7 Bxg4 49. c8Q Bxc8 50. Qxc8 1-0

[Event "BLR-ch (Women)"]
[Site "Minsk"]
[Date "2016.01.17"]
[Round "8"]
[White "Ziaziulkina, Nastassia"]
[Black "Revo, Tatiana"]
[Result "1/2-1/2"]
[WhiteElo "2405"]
[BlackElo "2043"]
[PlyCount "90"]
[EventDate "2016.01.10"]
[EventType "tourn"]
[EventRounds "9"]
[EventCountry "BLR"]
[SourceTitle "CBM 170 Extra"]
[Source "ChessBase"]
[SourceDate "2016.02.25"]
[SourceVersion "1"]
[SourceVersionDate "2016.02.25"]
[SourceQuality "1"]

1. e4 c5 2. Nf3 d6 3. d4 cxd4 4. Nxd4 Nf6 5. Nc3 a6 6. Bg5 Nbd7 7. Bc4 Qb6 8. 0-0 e6 9. Qd2 Be7 10. Be3 Nc5 11. Nb3 Nxb3 12. Bxb3 Qc6 13. f3 0-0 14. a4 b6 15. Qf2 Rb8 16. Rfd1 Rd8 17. Ne2 Qc7 18. Nf4 Bd7 19. Rd3 Rdc8 20. Kh1 Kh8 21. Rad1 b5 22. Rc3 Qb7 23. Rxc8+ Rxc8 24. a5 Bc6 25. Nd3 Bd8 26. Bd2 Nd7 27. Bb4 Bc7 28. Bc3 Ne5 29. Qg3 Ng6 30. Qg5 Bd8 31. Qd2 Bc7 32. h4 Ne5 33. Qg5 f6 34. Qd2 Nc4 35. Bxc4 bxc4 36. Nf4 Re8 37. h5 h6 38. Ng6+ Kh7 39. Nf4 Qb8 40. Ne2 Qb5 41. g4 e5 42. b3 Rd8 43. bxc4 Qxc4 44. Ng3 d5 45. Qd3 Qxd3 1/2-1/2

[Event "BLR-ch (Women)"]
[Site "Minsk"]
[Date "2016.01.13"]
[Round "4"]
[White "Ziaziulkina, Nastassia"]
[Black "Kusenkova, Natallia"]
[Result "1-0"]
[WhiteElo "2405"]
[BlackElo "2164"]
[PlyCount "79"]
[EventDate "2016.01.10"]
[EventType "tourn"]
[EventRounds "9"]
[EventCountry "BLR"]
[SourceTitle "CBM 170 Extra"]
[Source "ChessBase"]
[SourceDate "2016.02.25"]
[SourceVersion "1"]
[SourceVersionDate "2016.02.25"]
[SourceQuality "1"]

1. e4 e5 2. Nf3 Nc6 3. Bb5 a6 4. Ba4 Nf6 5. 0-0 Nxe4 6. d4 b5 7. Bb3 d5 8. dxe5 Be6 9. Qe2 Be7 10. Rd1 0-0 11. c4 bxc4 12. Bxc4 Bc5 13. Be3 Bxe3 14. Qxe3 Qb8 15. Bb3 Na5 16. Nbd2 Nxd2 17. Rxd2 Nxb3 18. axb3 Rc8 19. Ng5 Qa7 20. Qd3 g6 21. Ra4 Qc5 22. Rd1 Bf5 23. Qd2 Qc2 24. Qxd5 Rf8 25. Rc4 Qxb3 26. Rxc7 Qxd5 27. Rxd5 h6 28. Nf3 Rfd8 29. Rd6 Rxd6 30. exd6 Rd8 31. Rc6 Bd3 32. Ne5 Bb5 33. Rb6 Kg7 34. f4 Kf6 35. Kf2 Ke6 36. Ke3 g5 37. d7+ Kd5 38. Rxh6 gxf4+ 39. Kxf4 Bxd7 40. Nxf7 1-0